Statistiques concernant Devinez le Pays Mystère #7

Cliquez ici pour prendre le quiz!

Statistiques générales

  • Ce quiz a été pris 598 fois
  • Le résultat moyen est 20 sur 23

Statistiques - réponses

Type de RéponseRéponse% Correct
Lettre TrouvéeI
100%
Lettre TrouvéeS
98%
Lettre TrouvéeN
94%
Lettre TrouvéeÉ
93%
Lettre Bien PlacéeS
93%
Lettre TrouvéeA
90%
Lettre Bien PlacéeA
90%
Lettre Bien PlacéeI
90%
Lettre Bien PlacéeN
90%
Lettre TrouvéeB
89%
Lettre Bien PlacéeT
88%
Lettre TrouvéeT
88%
Lettre TrouvéeO
84%
Lettre TrouvéeU
84%
Lettre Bien PlacéeK
83%
Lettre TrouvéeK
83%
Lettre TrouvéeZ
83%
Lettre Bien PlacéeB
78%
Lettre Bien PlacéeÉ
78%
Lettre Bien PlacéeO
78%
Pays MystèreOuzbékistan
78%
Lettre Bien PlacéeU
78%
Lettre Bien PlacéeZ
78%

Distribution des résultats

Percentile par nombre de réponses

% des personnes avec chaque résultat

Votre développement - résultats

Vous n’avez pas pris ce quiz